000 01338nam a22002297a 4500
999 _c57122
_d57122
003 Ge_BSU
005 20191121171226.0
008 191121s2019 ||||| |||| 00| 0 geo d
020 _a9789941255601
041 _ageo
080 _a94(479.22):94(100) კ-44
100 _aკვაშილავა, კახა.
_95508
245 _aეტიუდები აღმოსავლეთის ქვეყნების ისტორიიდან :
_bკრებული /
_c კახა კვაშილავა ; რედ. თეიმურაზ პაპასქირი.
250 _aმეორე ჩასწორებული და შევს. გამოცემა
264 _aთბილისი,
_c2019.
300 _a307გვ.:
_bილ;
_c20 სმ.
520 _aრეზ. ინგლ. ენ.
653 _aაღმოსავლეთის ქვეყნების ისტორია
700 _aპაპასქირი, თეიმურაზ
_eრედაქტორი
_95509
710 _eსოხუმის სახელმწ. უნ-ტი, ექვთიმე თაყაიშვილის სახ. საქ. საისტ. საზ-ბის აფხაზეთის ორგანიზაცია.
_95510
942 _2udc
_cBK